Využívanie fondov politiky súdržnosti na Slovensku

Saved in:
Bibliographic Details
Main Author: Barič, Ondrej
Format: Book
Language:Slovak
Published: Bratislava NCEGŠ - Národné centrum európskych a globálnych štúdií 2017
Edition:1. vyd.
Subjects:
Tags: Add Tag
No Tags, Be the first to tag this record!

MARC

LEADER 00000nam a2200000 4500
001 0230051
005 20240221113311.8
020 |a 978-80-972508-1-2 
041 0 |a slo 
044 |a SK 
245 1 0 |a Využívanie fondov politiky súdržnosti na Slovensku  |c Ondrej Barič 
250 |a 1. vyd. 
264 1 |a Bratislava  |b NCEGŠ - Národné centrum európskych a globálnych štúdií  |c 2017 
300 |a 189 s. [9,5 AH] 
610 2 0 |a politika investičná 
610 2 0 |a nástroje finančné 
610 2 0 |a fondy Európskej únie 
610 2 0 |a fondy štruktúrne 
610 2 0 |a programy operačné 
610 2 0 |a projekty 
610 2 0 |a Európska únia 
610 2 0 |a Slovensko 
100 1 |a Barič, Ondrej